Normal view
MARC view
Entry Personal Name
001 - CONTROL NUMBER
- control field: 44966
003 - CONTROL NUMBER IDENTIFIER
- control field: ARRUPE
005 - DATE AND TIME OF LATEST TRANSACTION
- control field: 20190305110818.0
008 - FIXED-LENGTH DATA ELEMENTS
- fixed length control field: 190305|| aca||aabn | a|a d
040 ## - CATALOGING SOURCE
- Original cataloging agency: ARRUPE
- Transcribing agency: ARRUPE
100 ## - HEADING--PERSONAL NAME
- Personal name: Salih, Mohamed Abdel Rahim M.
- Fuller form of name: (Mohamed Abdel Rahim Mohamed)
670 ## - SOURCE DATA FOUND
- Source citation: Work cat.: (ARRUPE)0: Salih, Mohamed Abdel Rahim M. (Mohamed Abdel Rahim Mohamed), African democracies and African politics /, 2001.